书目信息 |
| 题名: |
文史资料选辑
|
|
| 作者: | ;中国人民政治协商会议全国委员会文史资料研究委员会 编 | |
| 分册: | 第10辑 | |
| 出版信息: | 北京 中华书局 1960 |
|
| 页数: | 148页 | |
| 开本: | 20cm | |
| 丛书名: | ||
| 单 册: | ||
| 中图分类: | K250.6 , K206 | |
| 科图分类: | ||
| 主题词: | 文史资料--中国 , 中国--通史 | |
| 电子资源: | ||
| ISBN: | ||
| 000 | 00815nam0 2200253 450 | |
| 001 | 1571625044 | |
| 005 | 20150119195444.45 | |
| 010 | @dCNY0.50 | |
| 091 | @a11018.249 | |
| 100 | @a19980511d1960 em y0chiy0110 ea | |
| 101 | 0 | @achi |
| 102 | @aCN@b110000 | |
| 105 | @ay z 000yy | |
| 200 | 1 | @a文史资料选辑@Awen shi zi liao xuan ji@h第10辑@f中国人民政治协商会议全国委员会文史资料研究委员会编 |
| 210 | @a北京@c中华书局@d1960 | |
| 215 | @a148页@d20cm | |
| 300 | @a内部发行 | |
| 606 | 0 | @a文史资料@y中国 |
| 606 | 0 | @a中国@x通史 |
| 690 | @aK250.6@v3 | |
| 690 | @aK206@v4 | |
| 711 | 02 | @a中国人民政治协商会议全国委员会文史资料研究委员会@Azhong guo ren min zheng zhi xie shang hui yi quan guo wei yuan hui wen shi zi liao yan jiu wei yuan hui@4编 |
| 801 | 0 | @aCN@bTSSF@c20150119 |
| 905 | @aZUCC@dK206@eJY4:10 | |
| 文史资料选辑.第10辑/中国人民政治协商会议全国委员会文史资料研究委员会编.-北京:中华书局,1960 |
| 148页;20cm |
| 内部发行 |
| ISBN :CNY0.50 |
| ● |
| 相关链接 |
|
|
|
|
正题名:文史资料选辑
索取号:K206/JY4:10
 
预约/预借
| 序号 | 登录号 | 条形码 | 馆藏地/架位号 | 状态 | 备注 |
| 1 | 7847168 | 278471681 | 学院路分馆/ [索取号:K206/JY4:10] | 在馆 |